| 000 | 00844nas a2200265 4500 | ||
|---|---|---|---|
| 001 | BR9208501 | ||
| 003 | BR-BrBNA | ||
| 005 | 20231205093118.0 | ||
| 007 | ta | ||
| 008 | 230509b bl.|||p| |||| 00| 00por d | ||
| 040 |
_aBR-BrBNA _bpor _cBiblioteca Nacional de Agricultura |
||
| 041 | _a(Pt) | ||
| 072 | _aH20; H10 | ||
| 100 | 1 | _aJaehn, A. | |
| 245 | 1 | _aRecuperacao de lavoura cafeeira recepada, com utilizacao de Crotalaria spectabilis, torta de mamona e nematicidas, em area infestada por Meloidogyne incognita | |
| 650 | _aCAFE | ||
| 650 | _aLAVOURA | ||
| 650 | _aMELOIDOGINOSE | ||
| 650 | _aNEMATOIDE | ||
| 650 | _aNEMATICIDA | ||
| 650 | _aCONTROLE QUIMICO | ||
| 773 | 0 |
_tNematologia Brasileira (Brazil) _xISSN 0102-2997 _g(1984), v. 8 p. 257-264 _wBR9208501 |
|
| 909 |
_a202311 _bLúcia _c55 _dLúcia Elande |
||
| 942 |
_2AGRIS _n0 _cANA |
||
| 999 |
_c136295 _d136295 |
||